<?xml version="1.0" encoding="UTF-8"?><?xml-stylesheet type="text/xsl" href="static/style.xsl"?><OAI-PMH xmlns="http://www.openarchives.org/OAI/2.0/" xmlns:xsi="http://www.w3.org/2001/XMLSchema-instance" xsi:schemaLocation="http://www.openarchives.org/OAI/2.0/ http://www.openarchives.org/OAI/2.0/OAI-PMH.xsd"><responseDate>2026-04-17T10:26:23Z</responseDate><request verb="GetRecord" identifier="oai:riubu.ubu.es:10259/7496" metadataPrefix="marc">https://riubu.ubu.es/oai/request</request><GetRecord><record><header><identifier>oai:riubu.ubu.es:10259/7496</identifier><datestamp>2023-04-17T13:15:00Z</datestamp><setSpec>com_10259_4363</setSpec><setSpec>com_10259_5086</setSpec><setSpec>com_10259_2604</setSpec><setSpec>com_10259_3592</setSpec><setSpec>com_10259_3591</setSpec><setSpec>com_10259.4_106</setSpec><setSpec>com_10259_4354</setSpec><setSpec>com_10259_4365</setSpec><setSpec>col_10259_4364</setSpec><setSpec>col_10259_3930</setSpec><setSpec>col_10259_4355</setSpec><setSpec>col_10259_4366</setSpec></header><metadata><record xmlns="http://www.loc.gov/MARC21/slim" xmlns:doc="http://www.lyncode.com/xoai" xmlns:xsi="http://www.w3.org/2001/XMLSchema-instance" xmlns:dcterms="http://purl.org/dc/terms/" xsi:schemaLocation="http://www.loc.gov/MARC21/slim http://www.loc.gov/standards/marcxml/schema/MARC21slim.xsd">
<leader>00925njm 22002777a 4500</leader>
<datafield tag="042" ind1=" " ind2=" ">
<subfield code="a">dc</subfield>
</datafield>
<datafield tag="720" ind1=" " ind2=" ">
<subfield code="a">Busto Vázquez, Natalia</subfield>
<subfield code="e">author</subfield>
</datafield>
<datafield tag="720" ind1=" " ind2=" ">
<subfield code="a">Romero Velásquez, Daisy Carolina</subfield>
<subfield code="e">author</subfield>
</datafield>
<datafield tag="720" ind1=" " ind2=" ">
<subfield code="a">Revilla Cuesta, Andrea</subfield>
<subfield code="e">author</subfield>
</datafield>
<datafield tag="720" ind1=" " ind2=" ">
<subfield code="a">Abajo Cuadrado, Irene</subfield>
<subfield code="e">author</subfield>
</datafield>
<datafield tag="720" ind1=" " ind2=" ">
<subfield code="a">Cuevas Vicario, José Vicente</subfield>
<subfield code="e">author</subfield>
</datafield>
<datafield tag="720" ind1=" " ind2=" ">
<subfield code="a">Rodríguez Rodríguez, Mª Teresa</subfield>
<subfield code="e">author</subfield>
</datafield>
<datafield tag="720" ind1=" " ind2=" ">
<subfield code="a">García Ruiz, Begoña</subfield>
<subfield code="e">author</subfield>
</datafield>
<datafield tag="720" ind1=" " ind2=" ">
<subfield code="a">Torroba Pérez, Tomás</subfield>
<subfield code="e">author</subfield>
</datafield>
<datafield tag="260" ind1=" " ind2=" ">
<subfield code="c">2022-09</subfield>
</datafield>
<datafield tag="520" ind1=" " ind2=" ">
<subfield code="a">A new series of perylene and hemicoronene diimides, obtained by visible light photocyclization, are presented,&#xd;
between them some remarkable examples that are soluble in only water, and give nanoparticles by selfassociation. Those compounds work as new fluorescent materials in water by complexation with cucurbit[7]&#xd;
uril, as well as selective G-quadruplex binding ligands with remarkable cytotoxic activity when the interaction&#xd;
with G4 was sufficiently strong.</subfield>
</datafield>
<datafield tag="024" ind2=" " ind1="8">
<subfield code="a">0143-7208</subfield>
</datafield>
<datafield tag="024" ind2=" " ind1="8">
<subfield code="a">http://hdl.handle.net/10259/7496</subfield>
</datafield>
<datafield tag="024" ind2=" " ind1="8">
<subfield code="a">10.1016/j.dyepig.2022.110557</subfield>
</datafield>
<datafield ind1=" " ind2=" " tag="653">
<subfield code="a">Perylenediimides</subfield>
</datafield>
<datafield ind1=" " ind2=" " tag="653">
<subfield code="a">Hemicoronenediimides</subfield>
</datafield>
<datafield ind1=" " ind2=" " tag="653">
<subfield code="a">Photocyclization</subfield>
</datafield>
<datafield ind1=" " ind2=" " tag="653">
<subfield code="a">Nanoparticles</subfield>
</datafield>
<datafield ind1=" " ind2=" " tag="653">
<subfield code="a">G-quadruplex</subfield>
</datafield>
<datafield ind1=" " ind2=" " tag="653">
<subfield code="a">Cucurbituril</subfield>
</datafield>
<datafield ind1=" " ind2=" " tag="653">
<subfield code="a">Cytotoxicity</subfield>
</datafield>
<datafield tag="245" ind1="0" ind2="0">
<subfield code="a">Synthesis of water-soluble hemicoronenediimides by photocyclization of perylenediimides: Turn-on fluorescent probes in water by complexation with Cucurbit[7]uril or binding to G-quadruplex Motifs</subfield>
</datafield>
</record></metadata></record></GetRecord></OAI-PMH>